Starosta Kažimír tromfne platom kolegov zo sídlisk

Podrobná bibliografia
Médium: Článok
Jazyk:slovenčina
PhysicalDescription:Fotogr.
ISSN:1335-4566
Predmet:
On-line prístup:www.korzar.sk

MARC

LEADER 00000nab a2200000 a 4500
001 vtls008961699
003 SK-MaSNL
005 20260303070707.0
008 070404c20070404xo drz 0 0slo
038 |a KEVKJB 
040 |a KEVKJB  |b slo  |c KEVKJB  |e AACR2 
041 0 |a slo 
044 |a xo  |c SK 
080 |a 336.14  |2 2001 
245 0 0 |a Starosta Kažimír tromfne platom kolegov zo sídlisk  |c [autor] (jav) 
300 |b Fotogr. 
650 0 7 |a rozpočet  |y 2007  |2 kevkjb  |9 1033213 
651 7 |a Košice (Slovensko)  |2 kevkjb  |9 18694 
651 7 |a Krásna nad Hornádom (Krásna, Košice IV, Slovensko)  |2 kevkjb  |9 79319 
773 0 |t Košický denník Korzár  |g Roč. X, č. 79 (4.4.2007), s. 2  |x 1335-4566 
852 |a KEVKJB  |b KIS3GCP 
856 4 1 |u www.korzar.sk 
999 |c 1756543  |d 1758473